| 000 | 00920nac a22003017a 4500 | ||
|---|---|---|---|
| 001 | BR9400774 | ||
| 003 | BR-BrBNA | ||
| 005 | 20240105121434.0 | ||
| 008 | 230509b bl.|||m| |||| 00| 0 por d | ||
| 040 |
_aBR-BrBNA _bpor _cBiblioteca Nacional de Agricultura |
||
| 072 | _aF04; F06; F30 | ||
| 090 | _a1850 BR9400774 | ||
| 100 | 1 | _aBezerril, E.F. | |
| 100 | 1 | _aFreire, J.M. | |
| 100 | 1 | _aAragao Junior, T.C. | |
| 100 | 1 | _aLima, A.R. da C. | |
| 100 | 1 | _aLima, V.R.C. | |
| 245 | 1 | _aEstudo da adubacao e irrigacao em duas cultivares de tomate na Serra da Ibiapaba-Ceara | |
| 490 |
_aRelatorio Anual de Pesquisa - Empresa de Pesquisa Agropecuaria do Ceara (Brazil) _v _x |
||
| 500 | _aSummary (Pt); 5 tables; 16 ref. | ||
| 650 | _aTomate | ||
| 650 | _aAdubacao | ||
| 650 | _aIrrigacao | ||
| 650 | _aVariedade | ||
| 650 | _aCeara | ||
| 909 |
_a202312 _bLúcia Elande _c55 _dLúcia Elande |
||
| 942 |
_2AGRIS _n0 _cMS |
||
| 999 |
_c285313 _d285313 |
||